Statistics for Country Flags with Crowns - Picture Quiz

Click here to take the quiz!

General Stats

  • This quiz has been taken 2,727 times
    (2,639 since last reset)
  • The average score is 5 of 9

Answer Stats

Country% Correct
Liechtenstein
83%
Vatican City
75%
Croatia
74%
Spain
67%
Tajikistan
62%
Serbia
54%
San Marino
46%
Montenegro
45%
Fiji
14%

Score Distribution

Percentile by Number Answered

Percent of People with Each Score

Your Score History

You have not taken this quiz since the last reset